| 000 | 00471nam a2200181Ia 4500 | ||
|---|---|---|---|
| 001 | 11135 | ||
| 005 | 20260306161924.0 | ||
| 008 | 260306t1989||||xx |||||||||||||| ||spa|| | ||
| 041 | _aESP | ||
| 082 |
_a985.009 _bR84 |
||
| 100 |
_aRostworowski de Diez Canseco, María _eAUT |
||
| 245 | 0 |
_aDoña Francisca Pizarro: _buna ilustre mestiza 1534-1598 |
|
| 260 | _c1989 | ||
| 300 |
_a162 páginas : _c20 cm. |
||
| 650 | _aGEN | ||
| 654 | _aCHU | ||
| 942 |
_cLIB _dJUS _fJUS _2ddc _n |
||
| 999 |
_c11135 _d11135 |
||